Najwięksi rywale Adama Małysza - Statystyki

Ogólne statystyki
  • Ten quiz został rozwiązany 76 razy
  • Średni wynik to 7 z 15
Statystyki odpowiedzi
Zawodnicy Nazwisko skoczka % Poprawnych
4-krotny mistrz olimpijski, zdobywca kryształowej kuli oraz mistrz z 2007 Ammann
86%
Dwukrotny drużynowy srebrny medalista olimpijski. 5-krotny zwycięzca TCS, 36-krotny zwycięzca konkursów PŚ Ahonen
84%
Drużynowy mistrz olimpijski z Salt Lake City, indywidualny 2-krotny mistrz świata z Ramsau i Lahti Schmitt
79%
Samuraj rodem z Japonii. Wicemistrz olimpijski z Soczi, Mistrz Świata w lotach z Harrachova z 1992 Kasai
76%
2-krotny mistrz świata w lotach, zwycięzca 50-tego Turnieju Czterech Skoczni oraz 3-krotny zdobywca małej kryształowej kuli. Hannawald
74%
6-krotny drużynowy mistrz świata oraz indywidualny mistrz świata z Liberca, zwycięzca 57-ego Turnieju Czterech Skoczn Loitzl
53%
Ten zawodnik z kolei trzy razy wygrał Kryształową Kulę w Pucharze Świata. Mistrz Świata w Lotach z 1996 Goldberger
47%
2-krotny indywidualny brązowy medalista MŚ w 2009 i 2013. W sezonie 2006 ⁄ 2007 w PŚ i PŚL zajął drugie miejsce Jacobsen
43%
Trzykrotny wicemistrz olimpijski oraz drużynowy mistrz świata z Val di fiemme Hautamaki
39%
Były rekordzista świata w długości skoku, 2-krotny drużynowy mistrz świata w lotach oraz zdobywca małej kryształowej kuli Romoren
39%
3-krotny drużynowy mistrz świata w skokach oraz lotach narciarskich. Indywidualny wicemistrz świata w lotach z 2008 Koch
33%
Ten skoczek w sezonie 2000/2001 zajął trzecie miejsce w Pucharze Świata oraz Pucharze Świata w Lotach Jussilainen
24%
Zwycięzca 48. Turnieju Czterech Skoczni, drużynowy mistrz olimpijski z Turynu Widholzl
24%
Dwukrotny indywidualny wicemistrz olimpijski z Albertville, 3-krotny mistrz świata w drużynie Hollwarth
21%
Drużynowy mistrz i wicemistrz olimpijski oraz zwycięzca PŚ w Zakopanem 2004 Uhrmann
17%
Nie znaleziono quizów pasujących do podanych kryteriów
Rozkład punktacji
Procent ludzi z każdym wynikiem
Percentyl według liczby udzielonych odpowiedzi
Twoja historia wyników
Nie rozwiązałeś tego quizu